UBT Library

VOCALBULARY BUILDER (Record no. 58465)

000 -LEADER
fixed length control field 00335nam a22001457a 4500
008 - FIXED-LENGTH DATA ELEMENTS--GENERAL INFORMATION
fixed length control field 221011b ||||| |||| 00| 0 eng d
020 ## - INTERNATIONAL STANDARD BOOK NUMBER
International Standard Book Number 9780877799108
041 ## - LANGUAGE CODE
Language code of text/sound track or separate title eng
080 ## - UNIVERSAL DECIMAL CLASSIFICATION NUMBER
Edition identifier over 1 million in print
Universal Decimal Classification number 721
082 ## - DEWEY DECIMAL CLASSIFICATION NUMBER
Classification number 721
100 ## - Rafti
Rafti 20.2
101 ## - Shkurtesa
Shkurtesa NDER
245 ## - TITLE STATEMENT
Title VOCALBULARY BUILDER
Statement of responsibility, etc CORNOG M
942 ## - ADDED ENTRY ELEMENTS (KOHA)
Source of classification or shelving scheme
Item type Books
Holdings
Withdrawn status Lost status Source of classification or shelving scheme Damaged status Not for loan Collection code Permanent location Current location Date acquired Total Checkouts Full call number Barcode Date last seen Price effective from Koha item type
          Koleksioni i përgjithshem UBT - Lipjan UBT - Lipjan 10/11/2022   721 COR 002-800028700254 10/11/2022 10/11/2022 Books
          Koleksioni i përgjithshem UBT - Lipjan UBT - Lipjan 10/11/2022   721 COR 002-800028700255 10/11/2022 10/11/2022 Books
          Koleksioni i përgjithshem UBT - Lipjan UBT - Lipjan 10/11/2022   721 COR 002-800028700256 10/11/2022 10/11/2022 Books
UBT Library © 2015-2024. All rights reserved University Education for Business and Technology